| 000 | 00468nam a2200181Ia 4500 | ||
|---|---|---|---|
| 008 | 230917s9999||||xx |||||||||||||| ||und|| | ||
| 020 | _cUSD97.95 | ||
| 040 |
_e210789 _aMAIN |
||
| 041 | _aEnglish | ||
| 082 | _a658.3 S72M(4) | ||
| 100 | _aStone, Raymond J | ||
| 245 | 0 | _aManaging human resources | |
| 250 | _a4th ed. | ||
| 260 |
_aMilton _bJohn Wiley _c2013 |
||
| 300 | _axviii, 726 p. | ||
| 500 | _a3360 04/10/2013 13107777 09/10/2013 Main Budget | ||
| 942 | _cBK | ||
| 999 |
_c29417 _d29417 |
||